000 00707cam a2200157 4500500
005 20260201094725.0
041 _afre
042 _adc
100 1 0 _aDescoffres, Lucien
_eauthor
245 0 0 _aDes ordinateurs au Sénégal, un projet pour des jeunes
260 _c2005.
500 _a75
520 _aResumé « Projet social territorial » des départements, responsabilité du Rmi, programmes de politique pour la jeunesse... Le territoire est devenu l'acteur majeur du social. Enjeux, chances et risques de cette évolution.
786 0 _nRevue Projet | 289 | 6 | 2005-06-01 | p. 37-40 | 0033-0884
856 4 1 _uhttps://shs.cairn.info/revue-projet-2005-6-page-37?lang=fr&redirect-ssocas=7080
999 _c1640789
_d1640789